000 00868nam a2200313Ia 4500
008 170203s9999 xx 000 0 und d
020 _a0-590130013
050 _aFic
050 _bB772p
100 _aBourgeois, Paulette.
245 _aFranklin's valentines /
245 _cwritten by Paulette Bourgeois and Sharon Jennings ; illustrated by Brenda Clark.
260 _aNew York :
260 _bScholastic,
260 _c©1998.
300 _a1 volume (unpaged) :
300 _bcolor illustrations ;
300 _c23 cm
650 _aFranklin (Fictitious character : Bourgeois) --
650 _aFriendship --
650 _aTurtles --
650 _aTurtles --
650 _aValentines --
650 _xFiction.
650 _xFiction.
650 _xJuvenile fiction.
650 _xJuvenile fiction.
650 _xJuvenile fiction.
999 _c306589
_d306589